[Event "79.ch-ITA"]
[Site "Padova ITA"]
[Date "2019.12.01"]
[Round "7.4"]
[White "Gilevych, Artem"]
[Black "Bellia, Fabrizio"]
[Result "0-1"]
[WhiteElo "2437"]
[BlackElo "2433"]
[Annotator "Gabriele Ballarin"]
[PlyCount "44"]
[EventDate "2019.11.24"]
[EventType "tourn"]
[EventRounds "11"]
[EventCountry "ITA"]
[EventCategory "9"]
[SourceTitle "The Week in Chess 1308"]
[Source "Mark Crowther"]
[SourceDate "2019.12.02"]
[SourceVersion "1"]
[SourceVersionDate "2019.12.02"]
[SourceQuality "2"]

1. Nf3 Nf6 2. c4 e6 3. Nc3 Bb4 4. d4 b6 5. e3 Bb7 6. Bd3 O-O 7. O-O d5 8. cxd5 exd5 9. a3 Bd6 10. b4 a6 11. Qb3 Qe7 12. Ra2 Nbd7 13. Re2 Rfe8 14. Nd2 Ne4 15. Nxd5 Bxd5 16. Qxd5 Nc3 17. Qc6 Nxe2+ 18. Bxe2 Nf8 19. Bf3 Rab8 20. Nc4 Ng6 21. Bd2 Qf6 22. Be2 Bxh2+ 0-1

[Event "79.ch-ITA"]
[Site "Padova ITA"]
[Date "2019.12.01"]
[Round "7.5"]
[White "Valsecchi, Alessio"]
[Black "Barp, Alberto"]
[Result "1-0"]
[WhiteElo "2504"]
[BlackElo "2382"]
[Annotator "Gabriele Ballarin"]
[PlyCount "91"]
[EventDate "2019.11.24"]
[EventType "tourn"]
[EventRounds "11"]
[EventCountry "ITA"]
[EventCategory "9"]
[SourceTitle "The Week in Chess 1308"]
[Source "Mark Crowther"]
[SourceDate "2019.12.02"]
[SourceVersion "1"]
[SourceVersionDate "2019.12.02"]
[SourceQuality "2"]

1. e4 e5 2. Nf3 Nc6 3. Bc4 Bc5 4. c3 Nf6 5. d3 a6 6. a4 Ba7 7. O-O d6 8. Re1 h6 9. Nbd2 O-O 10. Nf1 Ne7 11. h3 Ng6 12. Bb3 c6 13. d4 Re8 14. Bc2 Qc7 15. Ng3 b5 16. Be3 c5 17. Qd2 Be6 18. d5 Bc8 19. axb5 axb5 20. c4 bxc4 21. Qc3 Bd7 22. Nd2 Bb6 23. Nxc4 Bb5 24. Nxb6 Qxb6 25. b4 cxb4 26. Qxb4 Qc7 27. Rxa8 Rxa8 28. Qxb5 Qxc2 29. Rc1 Qa4 30. Qc6 Ra6 31. Qc8+ Kh7 32. Qf5 Ra8 33. h4 Kg8 34. Bxh6 Nxh4 35. Qg5 Ng6 36. Bxg7 Nxe4 37. Qh6 Nxg3 38. fxg3 Qd4+ 39. Kh2 Qf2 40. Rc4 Qf5 41. Rh4 f6 42. Qh7+ Kf7 43. Bh8+ Ke8 44. Rh5 Qd7 45. Qxg6+ Qf7 46. Qf5 1-0

[Event "79.ch-ITA"]
[Site "Padova ITA"]
[Date "2019.12.02"]
[Round "8.3"]
[White "Bellia, Fabrizio"]
[Black "Valsecchi, Alessio"]
[Result "1/2-1/2"]
[WhiteElo "2433"]
[BlackElo "2504"]
[Annotator "Gabriele Ballarin"]
[PlyCount "22"]
[EventDate "2019.11.24"]
[EventType "tourn"]
[EventRounds "11"]
[EventCountry "ITA"]
[EventCategory "9"]
[SourceTitle "The Week in Chess 1308"]
[Source "Mark Crowther"]
[SourceDate "2019.12.02"]
[SourceVersion "1"]
[SourceVersionDate "2019.12.02"]
[SourceQuality "2"]

1. e4 e6 2. d4 d5 3. Nd2 c5 4. exd5 Qxd5 5. Ngf3 cxd4 6. Bc4 Qd7 7. O-O Nc6 8. Nb3 Nf6 9. Nbxd4 Nxd4 10. Qxd4 Qxd4 11. Nxd4 a6 1/2-1/2

[Event "79.ch-ITA"]
[Site "Padova ITA"]
[Date "2019.12.03"]
[Round "9.2"]
[White "Basso, Pier Luigi"]
[Black "David, Alberto"]
[Result "1/2-1/2"]
[WhiteElo "2563"]
[BlackElo "2542"]
[Annotator "Gabriele Ballarin"]
[PlyCount "55"]
[EventDate "2019.11.24"]
[EventType "tourn"]
[EventRounds "11"]
[EventCountry "ITA"]
[EventCategory "9"]
[SourceTitle "The Week in Chess 1309"]
[Source "Mark Crowther"]
[SourceDate "2019.12.10"]
[SourceVersion "2"]
[SourceVersionDate "2020.02.11"]
[SourceQuality "2"]

1. d4 Nf6 2. c4 d6 3. Nc3 e5 4. Nf3 Nbd7 5. Bg5 Be7 6. e3 c6 7. Bd3 h6 8. Bh4 exd4 9. Nxd4 Ne5 10. Be2 O-O 11. O-O Bd7 12. Bg3 Re8 13. Qc2 Bf8 14. Rfd1 Qc8 15. Rd2 Ng6 16. Rad1 Kh8 17. b3 Kg8 18. Bd3 Ne5 19. Bf5 g6 20. Bxd7 Nexd7 21. Nde2 Ne5 22. h3 Qc7 23. Bh2 Rac8 24. Qb2 a6 25. Ng3 Ned7 26. Qb1 Qa5 27. Nce4 d5 28. Nxf6+ 1/2-1/2

[Event "79.ch-ITA"]
[Site "Padova ITA"]
[Date "2019.12.04"]
[Round "10.2"]
[White "Bellia, Fabrizio"]
[Black "Di Benedetto, Edoardo"]
[Result "1-0"]
[WhiteElo "2433"]
[BlackElo "2396"]
[Annotator "Gabriele Ballarin"]
[PlyCount "99"]
[EventDate "2019.11.24"]
[EventType "tourn"]
[EventRounds "11"]
[EventCountry "ITA"]
[EventCategory "9"]
[SourceTitle "The Week in Chess 1309"]
[Source "Mark Crowther"]
[SourceDate "2019.12.10"]
[SourceVersion "2"]
[SourceVersionDate "2020.02.11"]
[SourceQuality "2"]

1. e4 e6 2. d4 d5 3. Nc3 Nf6 4. e5 Nfd7 5. f4 c5 6. Nf3 Nc6 7. Be3 Be7 8. a3 O-O 9. dxc5 Bxc5 10. Bxc5 Nxc5 11. b4 Nd7 12. Bd3 f6 13. O-O fxe5 14. Bxh7+ Kxh7 15. Ng5+ Kg8 16. Nxe6 Qb6+ 17. Kh1 Nf6 18. Nxf8 Bg4 19. Nd7 Bxd7 20. Nxd5 Qd4 21. Nxf6+ gxf6 22. fxe5 Qxd1 23. Raxd1 Nxe5 24. Rxf6 Rc8 25. Rf2 Ba4 26. Rd5 Nf7 27. Ra5 Bxc2 28. Rxa7 Be4 29. h3 Rc3 30. Kh2 Kg7 31. b5 Nd6 32. Ra4 Nc4 33. Rb4 Bd5 34. a4 b6 35. Rb1 Rd3 36. Re1 Ne3 37. Rc1 Kg6 38. Rc8 Ra3 39. Rb8 Nc4 40. Rd8 Be6 41. Rdf8 Bd5 42. R8f6+ Kh7 43. R6f5 Ne3 44. R5f4 Ra1 45. Rd4 Bc4 46. Kg3 Kg6 47. Rd6+ Kg5 48. h4+ Kh5 49. Rff6 Nf1+ 50. Kf4 1-0

[Event "79.ch-ITA"]
[Site "Padova ITA"]
[Date "2019.12.05"]
[Round "11.4"]
[White "Moroni, Luca Jr"]
[Black "Brunello, Marina"]
[Result "1/2-1/2"]
[WhiteElo "2541"]
[BlackElo "2378"]
[Annotator "Gabriele Ballarin"]
[PlyCount "59"]
[EventDate "2019.11.24"]
[EventType "tourn"]
[EventRounds "11"]
[EventCountry "ITA"]
[EventCategory "9"]
[SourceTitle "The Week in Chess 1309"]
[Source "Mark Crowther"]
[SourceDate "2019.12.10"]
[SourceVersion "2"]
[SourceVersionDate "2020.02.11"]
[SourceQuality "2"]

1. Nf3 d5 2. g3 c6 3. Bg2 Bg4 4. O-O e6 5. d3 Bd6 6. e4 Ne7 7. h3 Bh5 8. Qe1 Nd7 9. Nc3 Bb4 10. g4 Bg6 11. Bd2 h5 12. g5 h4 13. a3 Bd6 14. b4 Bb8 15. Nh2 dxe4 16. Nxe4 Nf5 17. f4 Kf8 18. Ng4 e5 19. Qf2 Kg8 20. Rfe1 Bc7 21. c4 Qb8 22. fxe5 Nxe5 23. Nef6+ gxf6 24. Nxf6+ Kg7 25. Bc3 Nxd3 26. Nd7+ Kh7 27. Nf6+ Kg7 28. Nd7+ Kh7 29. Nf6+ Kg7 30. Nd7+ 1/2-1/2

[Event "79.ch-ITA"]
[Site "Padova ITA"]
[Date "2019.12.05"]
[Round "11.5"]
[White "Di Benedetto, Edoardo"]
[Black "Stella, A."]
[Result "1/2-1/2"]
[WhiteElo "2396"]
[BlackElo "2475"]
[Annotator "Gabriele Ballarin"]
[PlyCount "23"]
[EventDate "2019.11.24"]
[EventType "tourn"]
[EventRounds "11"]
[EventCountry "ITA"]
[EventCategory "9"]
[SourceTitle "The Week in Chess 1309"]
[Source "Mark Crowther"]
[SourceDate "2019.12.10"]
[SourceVersion "2"]
[SourceVersionDate "2020.02.11"]
[SourceQuality "2"]

1. d4 Nf6 2. c4 e6 3. Nc3 Bb4 4. e3 b6 5. Nge2 Ba6 6. a3 Bxc3+ 7. Nxc3 d5 8. Qa4+ c6 9. Qb4 Qc7 10. Bd2 dxc4 11. Bxc4 Bxc4 12. Qxc4 1/2-1/2

[Event "79.ch-ITA"]
[Site "Padova ITA"]
[Date "2019.12.05"]
[Round "11.6"]
[White "Barp, Alberto"]
[Black "Bellia, Fabrizio"]
[Result "0-1"]
[WhiteElo "2382"]
[BlackElo "2433"]
[Annotator "Gabriele Ballarin"]
[PlyCount "74"]
[EventDate "2019.11.24"]
[EventType "tourn"]
[EventRounds "11"]
[EventCountry "ITA"]
[EventCategory "9"]
[SourceTitle "The Week in Chess 1309"]
[Source "Mark Crowther"]
[SourceDate "2019.12.10"]
[SourceVersion "2"]
[SourceVersionDate "2020.02.11"]
[SourceQuality "2"]

1. d4 Nf6 2. c4 e6 3. Nf3 b6 4. g3 Ba6 5. b3 Bb4+ 6. Bd2 Be7 7. Nc3 O-O 8. Qc2 d5 9. cxd5 exd5 10. Bg2 c5 11. dxc5 bxc5 12. Ng5 g6 13. Nh3 Nc6 14. O-O Nb4 15. Qd1 d4 16. Na4 Nbd5 17. Rc1 Rc8 18. Re1 Re8 19. Bg5 Bb5 20. Qd2 Qd7 21. Nb2 Bf8 22. Bxf6 Nxf6 23. Nd3 Ne4 24. Qc2 Nc3 25. Nhf4 g5 26. Nh5 Qe6 27. e4 Qg6 28. g4 Kh8 29. Ng3 Nxa2 30. Qxa2 Bxd3 31. Qxa7 Qe6 32. e5 Qxb3 33. Nf5 Qe6 34. Ra1 Bxf5 35. Ra6 Re7 36. Bb7 Rxb7 37. Qxb7 Qd7 0-1

[Event "79.ch-ITA U20 2019"]
[Site "Padova ITA"]
[Date "2019.11.28"]
[Round "1.1"]
[White "Carnicelli, Valerio"]
[Black "Bin-Suhayl, Ieysaa"]
[Result "1/2-1/2"]
[WhiteElo "2303"]
[BlackElo "2187"]
[Annotator "Gabriele Ballarin"]
[PlyCount "116"]
[EventDate "2019.11.28"]
[EventType "tourn"]
[EventRounds "7"]
[EventCountry "ITA"]
[EventCategory "1"]
[SourceTitle "The Week in Chess 1308"]
[Source "Mark Crowther"]
[SourceDate "2019.12.02"]
[SourceVersion "1"]
[SourceVersionDate "2019.12.02"]
[SourceQuality "2"]

1. e4 e6 2. d4 d5 3. Nc3 Nf6 4. e5 Nfd7 5. f4 c5 6. Nf3 Nc6 7. Be3 a6 8. Qd2 b5 9. dxc5 Bxc5 10. Bd3 Qb6 11. Bf2 Bxf2+ 12. Qxf2 Nc5 13. O-O b4 14. Ne2 a5 15. Rae1 O-O 16. Kh1 h6 17. Ned4 Nxd4 18. Nxd4 a4 19. f5 Nxd3 20. cxd3 exf5 21. Nxf5 Qxf2 22. Ne7+ Kh7 23. Rxf2 Be6 24. Nc6 a3 25. b3 Rfc8 26. Nxb4 Rc3 27. Rc2 Rxc2 28. Nxc2 Rc8 29. Nb4 d4 30. Kg1 Rc3 31. Re4 Bxb3 32. axb3 Rxb3 33. Rxd4 a2 34. Nxa2 Rb1+ 35. Kf2 Rb2+ 36. Kf3 Rxa2 37. Re4 Rd2 38. d4 Kg6 39. Rg4+ Kh7 40. Ke4 g5 41. Kd5 Kg6 42. Rg3 h5 43. h3 h4 44. Rg4 Rd3 45. Re4 Rd2 46. e6 fxe6+ 47. Kxe6 Rxg2 48. d5 Rg3 49. d6 Rxh3 50. Rd4 Re3+ 51. Kd5 Re8 52. d7 Rd8 53. Ke4 g4 54. Kf4 g3 55. Kf3 Kg5 56. Rg4+ Kh5 57. Rd4 Rf8+ 58. Kg2 Rd8 1/2-1/2

[Event "79.ch-ITA U20 2019"]
[Site "Padova ITA"]
[Date "2019.11.28"]
[Round "1.2"]
[White "Lumachi, Gabriele"]
[Black "Seresin, Francesco"]
[Result "1/2-1/2"]
[WhiteElo "2224"]
[BlackElo "2367"]
[Annotator "Gabriele Ballarin"]
[PlyCount "40"]
[EventDate "2019.11.28"]
[EventType "tourn"]
[EventRounds "7"]
[EventCountry "ITA"]
[EventCategory "1"]
[SourceTitle "The Week in Chess 1308"]
[Source "Mark Crowther"]
[SourceDate "2019.12.02"]
[SourceVersion "1"]
[SourceVersionDate "2019.12.02"]
[SourceQuality "2"]

1. e4 d5 2. exd5 Qxd5 3. Nc3 Qd6 4. d4 Nf6 5. Nf3 c6 6. g3 Bg4 7. Bg2 e6 8. O-O Be7 9. h3 Bh5 10. a3 O-O 11. Bf4 Qd8 12. g4 Bg6 13. Ne5 Nbd7 14. Nxg6 hxg6 15. Qd3 Nd5 16. Nxd5 exd5 17. a4 Re8 18. a5 Nf8 19. c4 Qd7 20. Be3 Rad8 1/2-1/2

[Event "79.ch-ITA U20 2019"]
[Site "Padova ITA"]
[Date "2019.11.28"]
[Round "1.3"]
[White "Palozza, Christian"]
[Black "Simonetto, Andrea"]
[Result "1-0"]
[WhiteElo "2187"]
[BlackElo "2185"]
[Annotator "Gabriele Ballarin"]
[PlyCount "81"]
[EventDate "2019.11.28"]
[EventType "tourn"]
[EventRounds "7"]
[EventCountry "ITA"]
[EventCategory "1"]
[SourceTitle "The Week in Chess 1308"]
[Source "Mark Crowther"]
[SourceDate "2019.12.02"]
[SourceVersion "1"]
[SourceVersionDate "2019.12.02"]
[SourceQuality "2"]

1. d4 d5 2. c4 e6 3. Nf3 Nf6 4. g3 dxc4 5. Bg2 a6 6. O-O Nc6 7. e3 Bd6 8. Nbd2 Qe7 9. Nxc4 e5 10. dxe5 Bxe5 11. Ncxe5 Nxe5 12. Nxe5 Qxe5 13. e4 Be6 14. Qa4+ Qb5 15. Qa3 c5 16. Be3 Nd7 17. Rfc1 Rc8 18. Rc2 O-O 19. Rd1 c4 20. f4 f6 21. Rd6 Bf7 22. Rcd2 Nc5 23. Bxc5 Qxc5+ 24. Qxc5 Rxc5 25. Rb6 Rc7 26. Kf2 Re8 27. e5 fxe5 28. fxe5 Rxe5 29. Rd8+ Re8 30. Rxe8+ Bxe8 31. Rxb7 Rc5 32. Re7 Kf8 33. Re3 Rb5 34. Rxe8+ Kxe8 35. Bc6+ Ke7 36. Bxb5 axb5 37. Ke3 Kd6 38. Kd4 g5 39. g4 Kc6 40. b3 cxb3 41. axb3 1-0

[Event "79.ch-ITA U20 2019"]
[Site "Padova ITA"]
[Date "2019.11.30"]
[Round "3.2"]
[White "Palozza, Christian"]
[Black "Carnicelli, Valerio"]
[Result "1-0"]
[WhiteElo "2187"]
[BlackElo "2303"]
[Annotator "Gabriele Ballarin"]
[PlyCount "117"]
[EventDate "2019.11.28"]
[EventType "tourn"]
[EventRounds "7"]
[EventCountry "ITA"]
[EventCategory "1"]
[SourceTitle "The Week in Chess 1308"]
[Source "Mark Crowther"]
[SourceDate "2019.12.02"]
[SourceVersion "1"]
[SourceVersionDate "2019.12.02"]
[SourceQuality "2"]

1. d4 Nf6 2. c4 g6 3. Nf3 Bg7 4. Nc3 O-O 5. e4 d6 6. Be2 e5 7. dxe5 dxe5 8. Qxd8 Rxd8 9. Nd5 Nxd5 10. cxd5 c6 11. Bc4 h6 12. Be3 Bg4 13. Rc1 Bd7 14. O-O cxd5 15. Bxd5 Bc6 16. Rfd1 Bxd5 17. Rxd5 Nc6 18. Rcd1 b6 19. Kf1 Rac8 20. Rxd8+ Rxd8 21. Rc1 Rc8 22. Ke2 f5 23. Rc3 Kf7 24. Bxh6 Bf6 25. Be3 Ke6 26. g3 Be7 27. exf5+ gxf5 28. Kf1 Bf6 29. Rc2 Kd5 30. h4 Rh8 31. b3 Be7 32. Ng5 Bc5 33. Rd2+ Bd4 34. Bxd4 exd4 35. Nf3 b5 36. Kg2 a5 37. Ne1 a4 38. Nd3 Ra8 39. Nf4+ Kc5 40. Nd3+ Kd5 41. Nf4+ Ke5 42. Rc2 Kd6 43. h5 a3 44. f3 Na5 45. Rc1 Nc6 46. Rd1 Re8 47. g4 fxg4 48. fxg4 Re4 49. Kg3 Ke5 50. Rf1 Re3+ 51. Kh4 d3 52. h6 Kd4 53. h7 Re8 54. Ng6 d2 55. Nf8 Rxf8 56. Rxf8 d1=Q 57. h8=Q+ Kc5 58. Qc3+ Kb6 59. Rf6 1-0

[Event "79.ch-ITA U20 2019"]
[Site "Padova ITA"]
[Date "2019.11.30"]
[Round "3.4"]
[White "Loiacono, Leonardo"]
[Black "Simonetto, Andrea"]
[Result "1/2-1/2"]
[WhiteElo "2297"]
[BlackElo "2185"]
[Annotator "Gabriele Ballarin"]
[PlyCount "112"]
[EventDate "2019.11.28"]
[EventType "tourn"]
[EventRounds "7"]
[EventCountry "ITA"]
[EventCategory "1"]
[SourceTitle "The Week in Chess 1308"]
[Source "Mark Crowther"]
[SourceDate "2019.12.02"]
[SourceVersion "1"]
[SourceVersionDate "2019.12.02"]
[SourceQuality "2"]

1. Nf3 d5 2. g3 Nf6 3. Bg2 e6 4. O-O c5 5. c4 dxc4 6. Na3 Nc6 7. Nxc4 Be7 8. b3 O-O 9. Bb2 Qc7 10. Nfe5 Bd7 11. Nxd7 Qxd7 12. Rc1 Rfd8 13. d3 Rac8 14. Re1 Nd5 15. Qc2 Bg5 16. Rcd1 Bf6 17. Bxf6 Nxf6 18. Qd2 b6 19. a3 h6 20. Rb1 Qd4 21. Rec1 Ne5 22. Qb2 Nxc4 23. Rxc4 Qxb2 24. Rxb2 Rd4 25. Rc1 a5 26. Bf1 Kf8 27. b4 axb4 28. axb4 Ke7 29. bxc5 Rxc5 30. Rcb1 Nd7 31. e3 Rd6 32. d4 Rc7 33. Kg2 f6 34. Bb5 Rb7 35. Ba6 Rb8 36. Bc4 e5 37. Rd1 exd4 38. exd4 Rd8 39. f4 f5 40. Re2+ Kf8 41. Re6 Nf6 42. Rxd6 Rxd6 43. Kf3 Ke7 44. h3 h5 45. d5 Nd7 46. Re1+ Kf6 47. Re8 b5 48. Bxb5 Rxd5 49. Bc4 Rd6 50. g4 hxg4+ 51. hxg4 fxg4+ 52. Kxg4 g6 53. Ba2 Ra6 54. Bc4 Rd6 55. Ba2 Ra6 56. Bc4 Rd6 1/2-1/2

[Event "79.ch-ITA U20 2019"]
[Site "Padova ITA"]
[Date "2019.12.03"]
[Round "5.3"]
[White "Loiacono, Leonardo"]
[Black "Carnicelli, Valerio"]
[Result "1-0"]
[WhiteElo "2297"]
[BlackElo "2303"]
[Annotator "Gabriele Ballarin"]
[PlyCount "139"]
[EventDate "2019.11.28"]
[EventType "tourn"]
[EventRounds "7"]
[EventCountry "ITA"]
[EventCategory "1"]
[SourceTitle "The Week in Chess 1309"]
[Source "Mark Crowther"]
[SourceDate "2019.12.10"]
[SourceVersion "2"]
[SourceVersionDate "2020.02.11"]
[SourceQuality "2"]

1. e4 e5 2. Nf3 Nc6 3. Bb5 a6 4. Bxc6 dxc6 5. O-O Bg4 6. h3 h5 7. d3 Qf6 8. Nbd2 Ne7 9. Nc4 Bxf3 10. Qxf3 Qxf3 11. gxf3 Ng6 12. Be3 Bd6 13. Rfd1 O-O-O 14. Kf1 Nf8 15. f4 exf4 16. Nxd6+ cxd6 17. Bxf4 Ne6 18. Be3 d5 19. f4 Rhe8 20. Kf2 Nf8 21. Kf3 Rd7 22. Bf2 g6 23. b4 Ne6 24. Bb6 Ree7 25. Be3 Nc7 26. a4 Re6 27. Bc5 Rf6 28. Be3 Ne6 29. Kg3 Nc7 30. Rf1 Re6 31. Kf3 Re8 32. Rae1 Ne6 33. Rd1 Red8 34. e5 d4 35. Bf2 Ng7 36. Ra1 Rd5 37. Rfb1 Nf5 38. b5 cxb5 39. axb5 Rxb5 40. Rxb5 axb5 41. Ra5 Kc7 42. Rxb5 Kc6 43. Rb4 b5 44. Ke4 Kc5 45. c3 Ng3+ 46. Bxg3 dxc3 47. Rb3 b4 48. Be1 Rd4+ 49. Ke3 Rd7 50. Bxc3 bxc3 51. Rxc3+ Kd5 52. Ra3 Rb7 53. Ra5+ Ke6 54. Ra6+ Ke7 55. Ke4 Rb3 56. Ra7+ Ke6 57. Ra6+ Ke7 58. Rc6 Ra3 59. Rb6 Rc3 60. Rf6 Rc1 61. f5 Re1+ 62. Kd4 g5 63. Ra6 g4 64. hxg4 hxg4 65. f6+ Ke8 66. Ra2 Kd7 67. Kd5 Rb1 68. Ra7+ Ke8 69. Ra8+ Kd7 70. Rf8 1-0

[Event "79.ch-ITA U20 2019"]
[Site "Padova ITA"]
[Date "2019.12.03"]
[Round "5.4"]
[White "Simonetto, Andrea"]
[Black "Seresin, Francesco"]
[Result "0-1"]
[WhiteElo "2185"]
[BlackElo "2367"]
[Annotator "Gabriele Ballarin"]
[PlyCount "94"]
[EventDate "2019.11.28"]
[EventType "tourn"]
[EventRounds "7"]
[EventCountry "ITA"]
[EventCategory "1"]
[SourceTitle "The Week in Chess 1309"]
[Source "Mark Crowther"]
[SourceDate "2019.12.10"]
[SourceVersion "2"]
[SourceVersionDate "2020.02.11"]
[SourceQuality "2"]

1. Nf3 d5 2. e3 Nf6 3. c4 e6 4. b3 c6 5. Bb2 Nbd7 6. Nc3 Bd6 7. Qc2 O-O 8. Be2 Re8 9. d4 Qe7 10. O-O dxc4 11. Bxc4 b5 12. Bd3 Bb7 13. Rac1 a6 14. Rfd1 Rac8 15. Ne4 Nxe4 16. Bxe4 f5 17. Bd3 c5 18. Qe2 cxd4 19. exd4 Nf6 20. Rxc8 Rxc8 21. Re1 Bd5 22. Ne5 Bb4 23. Rc1 Rxc1+ 24. Bxc1 Bc3 25. Bb2 Qb4 26. Bxc3 Qxc3 27. Qc2 Ne4 28. Qxc3 Nxc3 29. a4 bxa4 30. bxa4 a5 31. Bc4 Nxa4 32. Bxd5 exd5 33. Nc6 Nc3 34. Nxa5 Ne2+ 35. Kf1 Nxd4 36. Ke1 Kf7 37. Kd2 Ke7 38. Ke3 Ne6 39. Nb3 Kd6 40. g3 Kc6 41. h4 Kb5 42. h5 Kc4 43. Nd2+ Kc3 44. Nb1+ Kb2 45. Nd2 Kc2 46. Nf3 Kc3 47. Nh4 d4+ 0-1

[Event "79.ch-ITA U20 2019"]
[Site "Padova ITA"]
[Date "2019.12.04"]
[Round "6.2"]
[White "Carnicelli, Valerio"]
[Black "Simonetto, Andrea"]
[Result "1-0"]
[WhiteElo "2303"]
[BlackElo "2185"]
[Annotator "Gabriele Ballarin"]
[PlyCount "129"]
[EventDate "2019.11.28"]
[EventType "tourn"]
[EventRounds "7"]
[EventCountry "ITA"]
[EventCategory "1"]
[SourceTitle "The Week in Chess 1309"]
[Source "Mark Crowther"]
[SourceDate "2019.12.10"]
[SourceVersion "2"]
[SourceVersionDate "2020.02.11"]
[SourceQuality "2"]

1. e4 c6 2. d4 d5 3. e5 Bf5 4. Nc3 e6 5. g4 Bg6 6. Nge2 h5 7. Nf4 Ne7 8. Nxg6 Nxg6 9. gxh5 Nh4 10. Qg4 Nd7 11. Be3 c5 12. dxc5 g6 13. O-O-O Rxh5 14. Bb5 a6 15. Ba4 Nf5 16. Nxd5 exd5 17. Rxd5 Rh4 18. Qg2 Rxa4 19. e6 Nxe3 20. exd7+ Qxd7 21. fxe3 Qe6 22. Rhd1 Rc8 23. Qd2 Be7 24. Qc3 Re4 25. R1d3 Rxe3 26. Rxe3 Qxd5 27. Qh8+ Kd7 28. Rxe7+ Kxe7 29. Qxc8 Qh1+ 30. Kd2 Qxh2+ 31. Kd3 Qg3+ 32. Kc4 Qf4+ 33. Kb3 Qe4 34. c4 Qd3+ 35. Kb4 Qd7 36. Qh8 Qd2+ 37. Kb3 Qe3+ 38. Kb4 g5 39. Qb8 Qe4 40. Qd6+ Ke8 41. Ka5 g4 42. b4 Qe7 43. Kb6 Qxd6+ 44. cxd6 Kd7 45. c5 g3 46. Kxb7 g2 47. c6+ Kxd6 48. c7 g1=Q 49. c8=Q Qg2+ 50. Ka7 Qf2+ 51. Kxa6 Qxa2+ 52. Kb6 Ke5 53. Qc7+ Ke4 54. Qe7+ Kd4 55. Qf6+ Kd3 56. b5 Qd5 57. Kc7 Qc5+ 58. Qc6 Qa7+ 59. Kc8 f5 60. b6 Qa6+ 61. Kc7 Qa5 62. Kc8 Qa6+ 63. Kd7 Ke2 64. b7 Qa7 65. Kc8 1-0

[Event "79.ch-ITA U20 2019"]
[Site "Padova ITA"]
[Date "2019.12.04"]
[Round "6.4"]
[White "Palozza, Christian"]
[Black "Loiacono, Antonio"]
[Result "1/2-1/2"]
[WhiteElo "2187"]
[BlackElo "2289"]
[Annotator "Gabriele Ballarin"]
[PlyCount "53"]
[EventDate "2019.11.28"]
[EventType "tourn"]
[EventRounds "7"]
[EventCountry "ITA"]
[EventCategory "1"]
[SourceTitle "The Week in Chess 1309"]
[Source "Mark Crowther"]
[SourceDate "2019.12.10"]
[SourceVersion "2"]
[SourceVersionDate "2020.02.11"]
[SourceQuality "2"]

1. d4 d5 2. c4 c6 3. Nf3 Nf6 4. Qc2 dxc4 5. Qxc4 Bg4 6. Nbd2 Nbd7 7. g3 e6 8. Bg2 Be7 9. O-O O-O 10. Qb3 Qb6 11. Nc4 Qa6 12. Bd2 Nb6 13. Rfc1 Nfd7 14. e3 Nxc4 15. Qxc4 Qxc4 16. Rxc4 Nb6 17. Rcc1 a5 18. Ne5 Be2 19. Be1 Rfd8 20. f4 f6 21. Nf3 a4 22. Kf2 Bd3 23. Nd2 f5 24. Rc3 Bb5 25. Nf3 Nd5 26. Rcc1 Rac8 27. Ne5 1/2-1/2

[Event "79.ch-ITA U20 2019"]
[Site "Padova ITA"]
[Date "2019.12.05"]
[Round "7.1"]
[White "Loiacono, Antonio"]
[Black "Bin-Suhayl, Ieysaa"]
[Result "1/2-1/2"]
[WhiteElo "2289"]
[BlackElo "2187"]
[Annotator "Gabriele Ballarin"]
[PlyCount "96"]
[EventDate "2019.11.28"]
[EventType "tourn"]
[EventRounds "7"]
[EventCountry "ITA"]
[EventCategory "1"]
[SourceTitle "The Week in Chess 1309"]
[Source "Mark Crowther"]
[SourceDate "2019.12.10"]
[SourceVersion "2"]
[SourceVersionDate "2020.02.11"]
[SourceQuality "2"]

1. Nf3 Nf6 2. c4 c5 3. Nc3 Nc6 4. d4 cxd4 5. Nxd4 d5 6. cxd5 Nxd5 7. Nxc6 bxc6 8. e4 Nxc3 9. Qxd8+ Kxd8 10. bxc3 e5 11. Bc4 Bc5 12. f4 exf4 13. Bxf4 Ke7 14. Rb1 Bb6 15. a4 Be6 16. Bxe6 Kxe6 17. Ke2 Rhd8 18. Rhd1 Rxd1 19. Kxd1 Rd8+ 20. Kc2 Rd7 21. Kb3 h5 22. Kc4 f5 23. exf5+ Kxf5 24. Rf1 g5 25. Bc1+ Kg6 26. Re1 Rf7 27. h3 Rf2 28. g4 hxg4 29. hxg4 Kf6 30. Re8 Rg2 31. Re4 Rf2 32. Kb3 Rf1 33. Kc2 Rf2+ 34. Bd2 Bc7 35. Kd3 Bf4 36. Bxf4 Rxf4 37. Ke3 Rxe4+ 38. Kxe4 Ke6 39. Kd4 Kd6 40. Ke4 Ke6 41. Kd4 Kd6 42. a5 a6 43. Kc4 c5 44. Kd3 Ke5 45. Ke3 Kd5 46. Kd3 c4+ 47. Ke3 Ke5 48. Kf3 Kd5 1/2-1/2

[Event "79.ch-ITA U20 2019"]
[Site "Padova ITA"]
[Date "2019.12.05"]
[Round "7.2"]
[White "Loiacono, Leonardo"]
[Black "Palozza, Christian"]
[Result "1-0"]
[WhiteElo "2297"]
[BlackElo "2187"]
[Annotator "Gabriele Ballarin"]
[PlyCount "139"]
[EventDate "2019.11.28"]
[EventType "tourn"]
[EventRounds "7"]
[EventCountry "ITA"]
[EventCategory "1"]
[SourceTitle "The Week in Chess 1309"]
[Source "Mark Crowther"]
[SourceDate "2019.12.10"]
[SourceVersion "2"]
[SourceVersionDate "2020.02.11"]
[SourceQuality "2"]

1. d4 e6 2. c4 Nf6 3. Nc3 Bb4 4. Qc2 d6 5. Nf3 Nbd7 6. g3 b6 7. Bg2 Bb7 8. O-O Bxc3 9. Qxc3 O-O 10. b3 Be4 11. Bb2 c6 12. Ba3 Qb8 13. Bh3 Rc8 14. Nd2 Bg6 15. Bg2 d5 16. Bb2 b5 17. a4 bxc4 18. bxc4 a5 19. Qa3 Ra7 20. Bc3 Nb6 21. Rfc1 dxc4 22. Qa2 Nfd5 23. Nxc4 Nxc4 24. Qxc4 Nb6 25. Qb3 Nd5 26. Qxb8 Rxb8 27. Be1 Nb4 28. e3 h6 29. Bxc6 Nxc6 30. Rxc6 Be4 31. Rc5 Rab7 32. Rcc1 Rb1 33. Bxa5 Rxc1+ 34. Rxc1 Ra8 35. Rc5 Bf3 36. Kf1 Bd1 37. Kg2 Bxa4 38. e4 Ra7 39. g4 Rd7 40. Bc3 Bd1 41. Kg3 Bc2 42. f3 Bd1 43. h4 Ra7 44. d5 exd5 45. exd5 Rd7 46. Bb4 Bb3 47. Rc8+ Kh7 48. d6 f6 49. Rb8 Bd5 50. Kf2 Kg6 51. Ke3 Be6 52. Kd4 h5 53. gxh5+ Kxh5 54. Re8 Bh3 55. Rh8+ Kg6 56. Kc5 Be6 57. Kc6 Bh3 58. Bc5 Kf7 59. Bb6 Bf5 60. h5 Be6 61. h6 gxh6 62. Rh7+ Ke8 63. Rxh6 Kf7 64. Bd4 Ke8 65. Bxf6 Bf5 66. Bd4 Bh7 67. Re6+ Kf8 68. Kxd7 Bf5 69. Kc7 Bxe6 70. d7 1-0